Statistics for Top 10 Most Guessed US States by French Speakers

Click here to take the quiz!

General Stats

  • This quiz has been taken 78 times
  • The average score is 7 of 10

Answer Stats

Rank City % % Correct
4New York92%
99%
1California95%
97%
3Florida93%
92%
2Texas94%
89%
5Washington89%
82%
6Alaska87%
66%
9Hawaii77%
63%
7North Carolina80%
37%
10Alabama75%
35%
8South Carolina79%
32%

Score Distribution

Percentile by Number Answered

Percent of People with Each Score

Your Score History

You have not taken this quiz